[Event "SR Extraliga 2017/2018"]
[Site "?"]
[Date "2018.03.03"]
[Round "9.7"]
[White "Kantorik, Marian"]
[Black "Bombek, Peter"]
[Result "1/2-1/2"]
[WhiteElo "2313"]
[BlackElo "2224"]
[PlyCount "214"]
[EventDate "2017.??.??"]

1. d4 d5 2. c4 e6 3. Nc3 Be7 4. Bf4 Nf6 5. Nf3 O-O 6. e3 b6 7. cxd5 Nxd5 8.
Nxd5 Qxd5 9. a3 c5 10. dxc5 Qxc5 11. Rc1 Qa5+ 12. Qd2 Qxd2+ 13. Nxd2 Bf6 14.
Rc2 Bb7 15. f3 Na6 16. b4 Rac8 17. Bc4 b5 18. Bd3 Rxc2 19. Bxc2 Rc8 20. Kd1 Bb2
21. Nb1 Bd5 22. Kd2 Rd8 23. Ke2 Bc4+ 24. Kf2 e5 25. Bg3 f6 26. Re1 Nc7 27. Kg1
Ne6 28. Bf2 Kf7 29. a4 a6 30. g4 g6 31. Kg2 Ke7 32. h4 Rc8 33. axb5 axb5 34.
Be4 Rd8 35. Rh1 Bd3 36. Bxd3 Rxd3 37. h5 g5 38. Re1 Rb3 39. Nd2 Rxb4 40. Ne4
Rc4 41. Rd1 b4 42. Nd6 Rc6 43. Nf5+ Ke8 44. h6 Ba3 45. Ng7+ Nxg7 46. Rd8+ Kf7
47. Rd7+ Kg6 48. hxg7 Rc8 49. Rb7 Rg8 50. Be1 Rxg7 51. Rb6 Rc7 52. Bxb4 Rc2+
53. Kf1 Bxb4 54. Rxb4 h5 55. gxh5+ Kxh5 56. Rb6 Kg6 57. Ke1 g4 58. fxg4 Kg5 59.
Kf1 Rc4 60. Kf2 Rxg4 61. Kf3 Ra4 62. Rc6 Ra1 63. Rc8 Rf1+ 64. Ke2 Rh1 65. Kf3
Rh3+ 66. Kf2 Kf5 67. Rc4 e4 68. Ra4 Rh4 69. Rb4 Kg5 70. Kg3 Rg4+ 71. Kf2 Kg6
72. Rb5 Rg5 73. Rb4 Kf5 74. Rb5+ Kg4 75. Rb4 Rf5+ 76. Kg2 Re5 77. Kf2 Re6 78.
Kg2 Re7 79. Kf2 Re8 80. Ra4 Kf5 81. Ra5+ Re5 82. Ra4 Rb5 83. Kg3 Ke5 84. Ra3
Rd5 85. Rb3 Rd3 86. Rb5+ Rd5 87. Rb3 Kf5 88. Ra3 Kg5 89. Ra4 f5 90. Ra8 Rd1 91.
Rg8+ Kf6 92. Rf8+ Ke6 93. Kf2 Rd2+ 94. Ke1 Rh2 95. Kf1 Ra2 96. Ke1 Ke5 97. Kf1
Rh2 98. Ke1 Rb2 99. Kf1 Rh2 100. Ke1 Kd5 101. Rxf5+ Kc4 102. Ra5 Rc2 103. Kd1
Rb2 104. Kc1 Rb5 105. Rxb5 Kxb5 106. Kb1 Kc4 107. Kc2 Kb4 1/2-1/2

[Event "SR Extraliga 2017/2018"]
[Site "?"]
[Date "2018.03.03"]
[Round "9.8"]
[White "Kovacik, Emil"]
[Black "Lisko, Frantisek"]
[Result "1-0"]
[WhiteElo "2085"]
[BlackElo "2277"]
[PlyCount "83"]
[EventDate "2017.??.??"]

1. e4 c6 2. c4 d5 3. exd5 cxd5 4. cxd5 Nf6 5. Qa4+ Nbd7 6. Nc3 g6 7. Bc4 Bg7 8.
d3 O-O 9. Nf3 a6 10. Qa3 Nb6 11. Qb3 Bg4 12. Ne5 Bf5 13. O-O Nbd7 14. Nxd7 Qxd7
15. a4 h6 16. Re1 g5 17. Ne4 Ng4 18. Qb6 Be5 19. Ng3 Bc7 20. Qb3 Rab8 21. d4
Bg6 22. Bd3 Kg7 23. Bd2 Nf6 24. Bxg6 fxg6 25. d6 Bxd6 26. Bc3 Kh7 27. Re2 Qc6
28. Rae1 Nd5 29. f3 Rf4 30. Ne4 g4 31. fxg4 Rxg4 32. Nxd6 Qxd6 33. Re6 Qd7 34.
Rxe7+ Nxe7 35. Qf7+ Kh8 36. Rxe7 Rxg2+ 37. Kxg2 Qg4+ 38. Kf2 Qh4+ 39. Ke2 Qxh2+
40. Qf2 Qh5+ 41. Qf3 Qh2+ 42. Kd3 1-0

[Event "SR Extraliga 2017/2018"]
[Site "?"]
[Date "2018.03.02"]
[Round "9.1"]
[White "Cvek, Robert"]
[Black "Balogh, Csaba"]
[Result "1/2-1/2"]
[WhiteElo "2510"]
[BlackElo "2631"]
[PlyCount "116"]
[EventDate "2017.??.??"]

1. e4 e5 2. Nf3 Nc6 3. d4 exd4 4. Bc4 Nf6 5. e5 d5 6. Bb5 Ne4 7. Nxd4 Bd7 8.
Bxc6 bxc6 9. O-O Bc5 10. f3 Ng5 11. Be3 O-O 12. f4 Ne6 13. c3 f5 14. Nd2 Bxd4
15. cxd4 c5 16. Nf3 Bb5 17. Rf2 c4 18. Ng5 Qe7 19. Nxe6 Qxe6 20. Bd2 a5 21. Bc3
Rfb8 22. Qd2 Qb6 23. Re1 Bd7 24. e6 Bxe6 25. Re5 Re8 26. Rfe2 Bf7 27. Rxe8+
Rxe8 28. Rxe8+ Bxe8 29. Bxa5 Qa7 30. a3 c5 31. Bc3 cxd4 32. Bxd4 Qe7 33. Be5
Qc5+ 34. Kh1 d4 35. Bxd4 Qd5 36. h3 Bc6 37. Kh2 Kf7 38. Qf2 h6 39. Bc3 g5 40.
Qd2 Qxd2 41. Bxd2 g4 42. hxg4 fxg4 43. Kg3 h5 44. f5 Be4 45. Kf4 Bxg2 46. Be1
Bc6 47. Kg5 Bd7 48. Bh4 Kg7 49. Kf4 Kf7 50. Ke5 Ba4 51. Kd4 Bb3 52. Kc5 g3 53.
Bxg3 Kf6 54. Kb5 Kxf5 55. a4 Ke6 56. a5 Kd7 57. a6 Kc8 58. Kb6 Bd1 1/2-1/2

[Event "SR Extraliga 2017/2018"]
[Site "?"]
[Date "2018.03.02"]
[Round "9.2"]
[White "Martinovic, Sasa"]
[Black "Pechac, Jergus"]
[Result "1-0"]
[WhiteElo "2604"]
[BlackElo "2440"]
[PlyCount "103"]
[EventDate "2017.??.??"]

1. d4 c6 2. Nf3 Nf6 3. c4 d5 4. e3 Bg4 5. h3 Bh5 6. Nbd2 e6 7. g4 Bg6 8. Ne5
Nbd7 9. Nxg6 hxg6 10. Bg2 Bd6 11. Qe2 Qe7 12. a3 g5 13. e4 Bf4 14. cxd5 exd5
15. exd5 Nxd5 16. Bxd5 cxd5 17. Nf3 Rc8 18. Bxf4 gxf4 19. Qxe7+ Kxe7 20. Kd2 f6
21. h4 Rc6 22. Rhe1+ Kf7 23. Rac1 Rhc8 24. Rxc6 Rxc6 25. h5 Nb6 26. b3 a5 27.
g5 a4 28. g6+ Kf8 29. Rb1 Ke7 30. bxa4 Ke6 31. h6 gxh6 32. Re1+ Kf5 33. Nh4+
Kg4 34. g7 Nc4+ 35. Kd3 Nb2+ 36. Kd2 Nc4+ 37. Ke2 Re6+ 38. Kd1 Nb2+ 39. Kd2
Nc4+ 40. Kd1 Nb2+ 41. Kc2 Rxe1 42. g8=Q+ Kxh4 43. Kxb2 Re2+ 44. Kc3 Rxf2 45.
Qxd5 f3 46. Qxb7 Rf1 47. Kd2 Kg3 48. Qg7+ Kf2 49. Qxh6 Rg1 50. a5 Rg4 51. Qe3+
Kg2 52. Ke1 1-0

[Event "SR Extraliga 2017/2018"]
[Site "?"]
[Date "2018.03.02"]
[Round "9.3"]
[White "Rohacek, Miroslav"]
[Black "Michalik, Peter"]
[Result "0-1"]
[WhiteElo "2252"]
[BlackElo "2555"]
[PlyCount "48"]
[EventDate "2017.??.??"]

1. d4 Nf6 2. Nf3 g6 3. c4 Bg7 4. Nc3 d5 5. e3 O-O 6. Qb3 e6 7. Be2 Nc6 8. Ne5
Ne7 9. O-O b6 10. Rd1 Bb7 11. a4 a5 12. c5 Ne4 13. Nd3 Ba6 14. cxb6 cxb6 15.
Nf4 Bb7 16. Bd2 Nxd2 17. Rxd2 Rc8 18. Rc2 Nf5 19. Nb5 Rxc2 20. Qxc2 Qb8 21. Rc1
Nxd4 22. Nxd4 Bxd4 23. exd4 Qxf4 24. Qc7 Qd2 0-1

[Event "SR Extraliga 2017/2018"]
[Site "?"]
[Date "2018.03.02"]
[Round "9.4"]
[White "Rigo, Zsolt"]
[Black "Karas, Marek"]
[Result "1/2-1/2"]
[WhiteElo "2401"]
[BlackElo "2200"]
[PlyCount "25"]
[EventDate "2017.??.??"]

1. d4 Nf6 2. c4 e6 3. g3 d5 4. Nf3 Bb4+ 5. Bd2 Be7 6. Bg2 O-O 7. Qc2 c6 8. O-O
b6 9. Rd1 a5 10. Ne5 Nfd7 11. Nc3 Nxe5 12. dxe5 Ba6 13. cxd5 1/2-1/2

[Event "SR Extraliga 2017/2018"]
[Site "?"]
[Date "2018.03.02"]
[Round "9.5"]
[White "Jablonicky, Martin"]
[Black "Stohl, Igor"]
[Result "1/2-1/2"]
[WhiteElo "2338"]
[BlackElo "2502"]
[PlyCount "32"]
[EventDate "2017.??.??"]

1. Nf3 Nf6 2. c4 b6 3. g3 c5 4. Bg2 Bb7 5. O-O g6 6. b3 Bg7 7. Bb2 O-O 8. Nc3
Na6 9. Rc1 d5 10. Nxd5 Nxd5 11. Bxg7 Kxg7 12. cxd5 Qxd5 13. d4 Rfd8 14. dxc5
Qxd1 15. Rfxd1 Nxc5 16. Nd4 Bxg2 1/2-1/2

[Event "SR Extraliga 2017/2018"]
[Site "?"]
[Date "2018.03.02"]
[Round "9.6"]
[White "Schwarz, Dusan"]
[Black "Bury, Rastislav"]
[Result "1/2-1/2"]
[WhiteElo "2295"]
[BlackElo "2153"]
[PlyCount "50"]
[EventDate "2017.??.??"]

1. d4 d5 2. c4 e6 3. Nc3 Nf6 4. Bg5 c6 5. e3 Nbd7 6. Nf3 Qa5 7. cxd5 Nxd5 8.
Qd2 Bb4 9. Rc1 h6 10. Bh4 O-O 11. Bd3 Nxc3 12. bxc3 Ba3 13. Rb1 e5 14. Bg3 exd4
15. cxd4 Qxd2+ 16. Nxd2 Nb6 17. Nc4 Nxc4 18. Bxc4 b5 19. Rb3 Be7 20. Bd3 Be6
21. Rb2 a6 22. Ke2 c5 23. dxc5 Bxc5 24. Rc2 Ba3 25. Be5 Rac8 1/2-1/2

[Event "SR Extraliga 2017/2018"]
[Site "?"]
[Date "2018.03.02"]
[Round "9.7"]
[White "Jozefek, Michal"]
[Black "Banas, Kamil"]
[Result "0-1"]
[WhiteElo "2204"]
[BlackElo "2242"]
[PlyCount "118"]
[EventDate "2017.??.??"]

1. d4 d5 2. c4 e6 3. Nc3 c6 4. cxd5 exd5 5. Bf4 Bf5 6. e3 Qb6 7. Qd2 Nf6 8. a3
a5 9. Nf3 Nbd7 10. Be2 Be7 11. O-O Nh5 12. Be5 Nxe5 13. dxe5 g6 14. Nd4 Ng7 15.
g4 Bd7 16. f4 f6 17. Na4 Qc7 18. exf6 Bxf6 19. Rac1 O-O 20. Bf3 Qd6 21. Nb3 Bd8
22. Nac5 Bc8 23. Nd4 Kh8 24. b4 axb4 25. axb4 b6 26. Nd3 Bb7 27. Qc3 Rc8 28. g5
Kg8 29. Bg4 Rc7 30. Ne5 Nf5 31. Bxf5 gxf5 32. Nexc6 Bxc6 33. Nxc6 Re8 34. b5 h6
35. h4 hxg5 36. hxg5 Bxg5 37. Rf3 Bh4 38. Rh3 Rg7+ 39. Kh1 Bf6 40. Qd2 Ra8 41.
Qh2 Rg4 42. Ne5 Qa3 43. Rg1 Rxg1+ 44. Qxg1+ Bg7 45. Rg3 Ra7 46. Nc6 Rc7 47. Qb1
Rf7 48. Ne5 Rf6 49. Kg2 Kh7 50. Nd7 Rf7 51. Nxb6 Qd6 52. Na4 d4 53. b6 dxe3 54.
Qb3 Qd2+ 55. Kh1 Qe1+ 56. Kh2 Qf2+ 57. Rg2 Qh4+ 58. Kg1 Qe1+ 59. Kh2 Rf6 0-1

[Event "SR Extraliga 2017/2018"]
[Site "?"]
[Date "2018.03.02"]
[Round "9.8"]
[White "Federic, Jozef"]
[Black "Spacek, Oliver"]
[Result "1-0"]
[WhiteElo "2220"]
[BlackElo "2207"]
[PlyCount "125"]
[EventDate "2017.??.??"]

1. d4 Nf6 2. Nf3 g6 3. g3 Bg7 4. Bg2 O-O 5. O-O d6 6. b3 c6 7. Bb2 a5 8. a4 Na6
9. Nbd2 Bf5 10. Nh4 d5 11. Nxf5 gxf5 12. Nf3 Rc8 13. Ne5 e6 14. e3 Re8 15. c4
Nb4 16. Ba3 b6 17. Rc1 Nd7 18. Nxd7 Qxd7 19. Qd2 Bf8 20. Bb2 dxc4 21. Rxc4 b5
22. Rcc1 h6 23. Rfd1 Red8 24. axb5 cxb5 25. Rxc8 Rxc8 26. d5 Bg7 27. dxe6 Qxe6
28. Bxg7 Kxg7 29. Qd4+ Qf6 30. Qxf6+ Kxf6 31. Ra1 a4 32. bxa4 bxa4 33. Rxa4
Rc1+ 34. Bf1 Nd3 35. Kg2 Ne1+ 36. Kh3 Nf3 37. Bd3 Rg1 38. Ra6+ Kg7 39. Bxf5
Ng5+ 40. Kg4 Rg2 41. f4 Nh7 42. Bxh7 Kxh7 43. h3 Re2 44. Kf3 Rb2 45. g4 Rh2 46.
Kg3 Re2 47. Ra3 Kg7 48. h4 Re1 49. h5 Rf1 50. Ra2 Kf6 51. e4 Rb1 52. e5+ Kg7
53. Kf3 Rb4 54. Ra7 Rb6 55. Ke4 Kf8 56. Rd7 Kg7 57. f5 Rb4+ 58. Rd4 Rb1 59. Kd5
Rb5+ 60. Kd6 Rb6+ 61. Ke7 Rb5 62. f6+ Kh7 63. e6 1-0

[Event "SR Extraliga 2017/2018"]
[Site "?"]
[Date "2018.03.02"]
[Round "9.1"]
[White "Mazur, Stefan"]
[Black "Krejci, Jan"]
[Result "1/2-1/2"]
[WhiteElo "2439"]
[BlackElo "2579"]
[PlyCount "81"]
[EventDate "2017.??.??"]

1. e4 d5 2. exd5 Qxd5 3. Nc3 Qa5 4. d4 Nf6 5. Bc4 Bg4 6. f3 Bd7 7. Bd2 Qb6 8.
Qe2 e6 9. d5 Be7 10. dxe6 Bxe6 11. Bxe6 Qxe6 12. Qxe6 fxe6 13. Nh3 h6 14. O-O-O
Kf7 15. Rhe1 Nc6 16. Bf4 Rac8 17. Nb5 a6 18. Nd4 Nxd4 19. Rxd4 c5 20. Rd2 Nd5
21. Be5 c4 22. Bxg7 Kxg7 23. Rxd5 exd5 24. Rxe7+ Kf6 25. Rxb7 Ke5 26. c3 Rhg8
27. g3 Rcf8 28. Ng1 h5 29. Rh7 Rh8 30. Re7+ Kd6 31. Ra7 Ra8 32. Rg7 Rhe8 33.
Rg6+ Kc5 34. Nh3 Re1+ 35. Kd2 Rh1 36. Nf4 Rxh2+ 37. Kc1 Rh1+ 38. Kc2 Rh2+ 39.
Kc1 Rh1+ 40. Kc2 Rh2+ 41. Kc1 1/2-1/2

[Event "SR Extraliga 2017/2018"]
[Site "?"]
[Date "2018.03.02"]
[Round "9.2"]
[White "Leniart, Arkadiusz"]
[Black "Neuman, Petr"]
[Result "1/2-1/2"]
[WhiteElo "2482"]
[BlackElo "2438"]
[PlyCount "39"]
[EventDate "2017.??.??"]

1. d4 d5 2. c4 c6 3. Nc3 Nf6 4. Nf3 a6 5. c5 Nbd7 6. Bf4 Nh5 7. Bd2 Nhf6 8. Bf4
Nh5 9. e3 Nxf4 10. exf4 Qc7 11. g3 b6 12. b4 g6 13. Rc1 Bg7 14. Bd3 O-O 15. O-O
a5 16. a3 axb4 17. axb4 bxc5 18. bxc5 Ba6 19. Ra1 Bxd3 20. Qxd3 1/2-1/2

[Event "SR Extraliga 2017/2018"]
[Site "?"]
[Date "2018.03.02"]
[Round "9.3"]
[White "Hausner, Ivan"]
[Black "Klekowski, Maciej"]
[Result "0-1"]
[WhiteElo "2337"]
[BlackElo "2489"]
[PlyCount "80"]
[EventDate "2017.??.??"]

1. d4 Nf6 2. c4 e6 3. g3 c5 4. Nf3 cxd4 5. Nxd4 d5 6. Bg2 e5 7. Nf3 d4 8. O-O
Nc6 9. e3 Be7 10. exd4 exd4 11. Bf4 O-O 12. Ne5 Qb6 13. Qb3 Na5 14. Qxb6 axb6
15. Na3 Bxa3 16. bxa3 Bf5 17. Rfd1 Rfd8 18. h3 h6 19. g4 Be4 20. f3 Bh7 21. Rd2
Ne8 22. Rc1 Rac8 23. Bf1 f6 24. Nd3 g5 25. Bg3 Rxc4 26. Re1 Rc3 27. Nb4 d3 28.
Bxd3 Bxd3 29. Rxd3 Rcxd3 30. Nxd3 Rxd3 31. Rxe8+ Kf7 32. Re2 Rxf3 33. Bd6 Rxh3
34. Re7+ Kg6 35. Kg2 Rd3 36. Bb4 Rd4 37. Kg3 Nc6 38. Rxb7 Nxb4 39. axb4 Rxb4
40. a4 h5 0-1

[Event "SR Extraliga 2017/2018"]
[Site "?"]
[Date "2018.03.02"]
[Round "9.4"]
[White "Druska, Juraj"]
[Black "Cech, Pavel"]
[Result "1/2-1/2"]
[WhiteElo "2427"]
[BlackElo "2349"]
[PlyCount "72"]
[EventDate "2017.??.??"]

1. e4 e6 2. d4 d5 3. exd5 exd5 4. Bd3 Nf6 5. Nf3 Bd6 6. Qe2+ Qe7 7. Qxe7+ Bxe7
8. Bf4 c6 9. O-O O-O 10. Re1 Re8 11. h3 Nbd7 12. Nbd2 Nf8 13. Re2 Bd8 14. Rxe8
Nxe8 15. Re1 Ne6 16. Ng5 g6 17. Nxe6 Bxe6 18. Nb3 Ng7 19. Bh6 b6 20. Nd2 Bf6
21. c3 c5 22. Nf3 Nf5 23. Bg5 Kg7 24. Bxf6+ Kxf6 25. Kf1 Nd6 26. Ke2 c4 27. Bc2
b5 28. a4 Rb8 29. axb5 Rxb5 30. Rb1 Bf5 31. Bxf5 Kxf5 32. Nd2 a5 33. Kd1 Rb8
34. Kc2 Re8 35. Kd1 Rb8 36. Kc2 Re8 1/2-1/2

[Event "SR Extraliga 2017/2018"]
[Site "?"]
[Date "2018.03.02"]
[Round "9.5"]
[White "Hrabusa, Matej"]
[Black "Manik, Mikulas"]
[Result "1/2-1/2"]
[WhiteElo "2367"]
[BlackElo "2423"]
[PlyCount "38"]
[EventDate "2017.??.??"]

1. d4 Nf6 2. Bg5 Ne4 3. Bf4 c5 4. f3 Qa5+ 5. c3 Nf6 6. d5 d6 7. e4 g6 8. Na3
Qd8 9. Qd2 Nbd7 10. Nh3 a6 11. Nc2 Ne5 12. Nf2 e6 13. Be2 exd5 14. exd5 Bg7 15.
Bh6 O-O 16. Bxg7 Kxg7 17. O-O b5 18. a4 bxa4 19. Ne3 Rb8 1/2-1/2

[Event "SR Extraliga 2017/2018"]
[Site "?"]
[Date "2018.03.02"]
[Round "9.6"]
[White "Holtman, Teodor"]
[Black "Hros, Roman"]
[Result "1-0"]
[WhiteElo "2192"]
[BlackElo "2222"]
[PlyCount "59"]
[EventDate "2017.??.??"]

1. e4 c5 2. Nf3 e6 3. d4 cxd4 4. Nxd4 Nc6 5. Nc3 Qc7 6. Be3 a6 7. Qf3 Ne5 8.
Qg3 h5 9. Bf4 d6 10. Bg5 Ng6 11. h4 Bd7 12. O-O-O N8e7 13. Be2 Rc8 14. Kb1 b5
15. a3 f6 16. Bc1 Ne5 17. f4 Nc4 18. Bxc4 Qxc4 19. Rhe1 Kf7 20. e5 Nc6 21. b3
Qc5 22. Ne4 Qb6 23. Nf3 d5 24. exf6 gxf6 25. Nxf6 Kxf6 26. Bb2+ d4 27. Nxd4
Bxa3 28. Nxc6+ Bxb2 29. Qg5+ Kf7 30. Rxd7+ 1-0

[Event "SR Extraliga 2017/2018"]
[Site "?"]
[Date "2018.03.02"]
[Round "9.7"]
[White "Tropp, Oliver"]
[Black "Jacko, Vladimir"]
[Result "1-0"]
[WhiteElo "2197"]
[BlackElo "2328"]
[PlyCount "85"]
[EventDate "2017.??.??"]

1. c4 e5 2. Nc3 Nf6 3. g3 g6 4. Bg2 Bg7 5. Nf3 d6 6. d4 Nbd7 7. O-O O-O 8. e3
Re8 9. b3 a6 10. Bb2 Rb8 11. a4 exd4 12. Nxd4 Ne5 13. Qc2 Bd7 14. Rad1 Bg4 15.
f3 Bd7 16. e4 Nc6 17. Nd5 Nxd5 18. cxd5 Nb4 19. Qd2 c5 20. dxc6 bxc6 21. Rf2 d5
22. Ne2 Bxb2 23. Qxb2 Qb6 24. Nf4 Rbd8 25. exd5 Nxd5 26. Nxd5 cxd5 27. h4 Bc6
28. Rd3 Re6 29. Kh2 d4 30. Rfd2 Red6 31. Qa3 Bd7 32. a5 Qc7 33. Rxd4 Rxd4 34.
Rxd4 Re8 35. Qb2 Bb5 36. Qd2 Re2 37. Rd8+ Kg7 38. Qd4+ f6 39. Ra8 Qc2 40. Ra7+
Kh6 41. Qf4+ g5 42. hxg5+ fxg5 43. Qf8+ 1-0

[Event "SR Extraliga 2017/2018"]
[Site "?"]
[Date "2018.03.02"]
[Round "9.8"]
[White "Kusiak, Matej"]
[Black "Palecek, Peter"]
[Result "1/2-1/2"]
[WhiteElo "2285"]
[BlackElo "2248"]
[PlyCount "82"]
[EventDate "2017.??.??"]

1. e4 e5 2. Nf3 Nc6 3. Bb5 a6 4. Ba4 Nf6 5. O-O Be7 6. Re1 b5 7. Bb3 d6 8. c3
O-O 9. h3 Na5 10. Bc2 c5 11. d4 Qc7 12. Nbd2 cxd4 13. cxd4 Nc6 14. Nb3 a5 15.
d5 Nb4 16. Bb1 a4 17. Nbd2 Bd7 18. a3 Na6 19. b4 axb3 20. Nxb3 Rfc8 21. Bb2 Bd8
22. Bd3 Qa7 23. Bc1 Bb6 24. Be3 Nc5 25. Nxc5 Bxc5 26. Bxc5 Rxc5 27. Qb3 Rac8
28. Qb2 Nh5 29. Rec1 Nf4 30. Bf1 Qc7 31. Rxc5 Qxc5 32. Rb1 h6 33. Qb4 f5 34.
Bxb5 Bxb5 35. Qxb5 fxe4 36. Qxc5 Rxc5 37. Nd2 Ne2+ 38. Kh2 Nc3 39. Rb6 e3 40.
fxe3 Nxd5 41. Rxd6 Nxe3 1/2-1/2

[Event "SR Extraliga 2017/2018"]
[Site "?"]
[Date "2018.03.03"]
[Round "10.1"]
[White "Vovk, Jurij"]
[Black "Banusz, Tamas"]
[Result "1/2-1/2"]
[WhiteElo "2600"]
[BlackElo "2618"]
[PlyCount "121"]
[EventDate "2017.??.??"]

1. c4 Nf6 2. Nc3 e5 3. Nf3 Nc6 4. a3 g6 5. e3 Bg7 6. Qc2 O-O 7. Be2 Re8 8. O-O
e4 9. Ng5 Qe7 10. f3 exf3 11. Nxf3 d6 12. b4 Bf5 13. Qb3 Ne5 14. Bb2 c6 15. a4
Nfd7 16. Nd4 Bg4 17. a5 a6 18. Rae1 Qh4 19. Bxg4 Nxg4 20. Nf3 Qe7 21. d4 Bh6
22. e4 Be3+ 23. Rxe3 Nxe3 24. Re1 Ng4 25. h3 Nh6 26. c5 Qe6 27. d5 Qe7 28. dxc6
bxc6 29. cxd6 Qxd6 30. Rd1 Qe7 31. Qc4 Rad8 32. Qxc6 Qxb4 33. Bc1 Nb8 34. Qc7
Rc8 35. Nd5 Rxc7 36. Nxb4 Rxc1 37. Rxc1 Kg7 38. Rc4 Re7 39. Nd5 Rb7 40. Nd4 Ng8
41. Kf2 Nf6 42. Ke3 Nfd7 43. Kf4 h6 44. e5 Rb1 45. e6 fxe6 46. Nxe6+ Kf7 47.
Nd8+ Kg7 48. Rc7 Rd1 49. Ke4 Re1+ 50. Kf3 Rd1 51. Nb6 Kf6 52. Nc6 Rd6 53. Nxd7+
Nxd7 54. Nb4 Ke6 55. Ke3 Nf6 56. g4 g5 57. Rc8 Nd5+ 58. Nxd5 Kxd5 59. Kd3 Rc6
60. Rxc6 Kxc6 61. Kc4 1/2-1/2

[Event "SR Extraliga 2017/2018"]
[Site "?"]
[Date "2018.03.03"]
[Round "10.2"]
[White "Papp, Gabor"]
[Black "Stocek, Jiri"]
[Result "1-0"]
[WhiteElo "2604"]
[BlackElo "2567"]
[PlyCount "123"]
[EventDate "2017.??.??"]

1. e4 Nf6 2. e5 Nd5 3. d4 d6 4. Nf3 dxe5 5. Nxe5 c6 6. Be2 Bf5 7. O-O Nd7 8.
Nf3 e6 9. c4 N5f6 10. Nc3 Be7 11. h3 Qc7 12. Nh4 Bg6 13. Bg5 Rd8 14. Nxg6 hxg6
15. Qd2 e5 16. dxe5 Qxe5 17. Bf4 Qa5 18. Qe3 Qc5 19. Rad1 O-O 20. Qxc5 Nxc5 21.
Be3 a6 22. a3 Rfe8 23. Rxd8 Rxd8 24. Rd1 Rxd1+ 25. Bxd1 Nd3 26. Be2 Nc5 27. b4
Nfe4 28. Nxe4 Nxe4 29. Bd3 Nf6 30. f4 Nd7 31. c5 Bf6 32. Bd2 Bb2 33. a4 a5 34.
b5 Nxc5 35. bxc6 bxc6 36. Bc2 Nb7 37. Be4 Nd6 38. Bxc6 Nc4 39. Be1 Bd4+ 40. Kf1
Bb6 41. Ke2 Kf8 42. Bc3 Ke7 43. Kd3 Nd6 44. Bxg7 f6 45. g4 Bd8 46. Bd5 Ne8 47.
Bh6 Nc7 48. Bc4 Ne8 49. h4 Nd6 50. Bd5 Bb6 51. g5 Bf2 52. gxf6+ Kxf6 53. Bg5+
Kf5 54. Ke2 Bd4 55. Kf3 Bf6 56. Bb3 Bxg5 57. hxg5 Nc4 58. Bc2+ Ke6 59. Bxg6 Nb6
60. Bc2 Nd5 61. Bb3 Kf5 62. Bxd5 1-0

[Event "SR Extraliga 2017/2018"]
[Site "?"]
[Date "2018.03.03"]
[Round "10.3"]
[White "Vetoshko, Volodymyr"]
[Black "Ftacnik, Lubomir"]
[Result "1-0"]
[WhiteElo "2520"]
[BlackElo "2539"]
[PlyCount "95"]
[EventDate "2017.??.??"]

1. d4 Nf6 2. c4 g6 3. Nc3 d5 4. Nf3 Bg7 5. Qb3 dxc4 6. Qxc4 O-O 7. e4 Be6 8.
Qb5 b6 9. Be2 a5 10. O-O Na6 11. a3 c5 12. d5 Bd7 13. Qb3 e6 14. Bg5 h6 15.
Bxf6 Bxf6 16. e5 Bg7 17. Rad1 Qb8 18. Bc4 Re8 19. Rfe1 Nc7 20. d6 Na6 21. Bb5
Rd8 22. Nd2 Qb7 23. Nc4 Nb8 24. Na4 Nc6 25. Naxb6 Rab8 26. Nxd7 Qxb5 27. Nf6+
Bxf6 28. Qxb5 Rxb5 29. exf6 a4 30. Re3 Kh7 31. h4 Nd4 32. Re5 Nc6 33. Re3 Nd4
34. g3 Kg8 35. Kg2 Kf8 36. f4 h5 37. Re5 Nc6 38. Rg5 Nb8 39. g4 hxg4 40. h5 Nd7
41. hxg6 fxg6 42. Rxg6 Rb3 43. Rh1 Rh3 44. Rxh3 gxh3+ 45. Kxh3 Kf7 46. Rh6 Kg8
47. Ne5 Nf8 48. Rh4 1-0

[Event "SR Extraliga 2017/2018"]
[Site "?"]
[Date "2018.03.03"]
[Round "10.4"]
[White "Plat, Vojtech"]
[Black "Nayhebaver, Martin"]
[Result "1-0"]
[WhiteElo "2560"]
[BlackElo "2470"]
[PlyCount "129"]
[EventDate "2017.??.??"]

1. d4 Nf6 2. c4 e6 3. Nc3 Bb4 4. Qc2 O-O 5. Nf3 c5 6. a3 Bxc3+ 7. Qxc3 cxd4 8.
Nxd4 d5 9. e3 Re8 10. cxd5 Nxd5 11. Qc2 e5 12. Nb3 e4 13. Nd4 Qg5 14. h4 Qe5
15. b3 Bg4 16. Bb2 Nd7 17. Nb5 Qe7 18. Rc1 N7f6 19. Qc5 Qd7 20. Qd6 Qf5 21. Bc4
a6 22. Nd4 Qh5 23. O-O Rad8 24. Qg3 Qg6 25. Bxd5 Nxd5 26. Rc5 Bh5 27. Qxg6 hxg6
28. Rfc1 Bg4 29. Kh2 Bc8 30. b4 Ne7 31. h5 gxh5 32. Rxh5 Rd5 33. Rxd5 Nxd5 34.
Nb3 b6 35. Rc6 Rd8 36. Nd4 Bb7 37. Rc2 Rc8 38. Rd2 g6 39. Ne2 Kf8 40. g4 Ke7
41. g5 Ke6 42. Bd4 b5 43. Bb2 Ke7 44. Ng3 Nc3 45. Rc2 Nd1 46. Bf6+ Ke6 47. Rxc8
Bxc8 48. Kg1 Kd5 49. Kf1 Kc4 50. Nxe4 Kb3 51. Ke1 Nb2 52. Bxb2 Kxb2 53. Nd6 Be6
54. Kd2 Kxa3 55. Kc3 Ka4 56. Nb7 Ka3 57. Nc5 Bc8 58. e4 Ka2 59. f3 Ka3 60. f4
Ka2 61. f5 Ka3 62. fxg6 fxg6 63. e5 a5 64. bxa5 b4+ 65. Kc4 1-0

[Event "SR Extraliga 2017/2018"]
[Site "?"]
[Date "2018.03.03"]
[Round "10.5"]
[White "Repka, Christopher"]
[Black "Antal, Gergely"]
[Result "1-0"]
[WhiteElo "2524"]
[BlackElo "2540"]
[PlyCount "95"]
[EventDate "2017.??.??"]

1. c4 c5 2. Nf3 Nf6 3. Nc3 d5 4. cxd5 Nxd5 5. e4 Nb4 6. Bb5+ N8c6 7. d4 cxd4 8.
a3 dxc3 9. Qxd8+ Kxd8 10. axb4 cxb2 11. Bxb2 e6 12. Bxc6 bxc6 13. Ne5 Kc7 14.
b5 f6 15. Nxc6 Bb7 16. O-O Bxc6 17. Rfc1 Bb4 18. Rxc6+ Kb7 19. e5 f5 20. Rxe6
Rhc8 21. g3 Bc5 22. Ba3 Bb6 23. Bd6 Re8 24. Rxe8 Rxe8 25. Ra4 Kc8 26. Rh4 Kd7
27. Rxh7 Rg8 28. h4 Ke6 29. h5 Bd4 30. Kg2 Bxe5 31. Bxe5 Kxe5 32. f4+ Kd5 33.
h6 gxh6 34. Rxa7 Rb8 35. Re7 Kd6 36. Re5 Rf8 37. Kh3 Rf6 38. Kh4 Rf8 39. Kh5
Rf6 40. Re8 Kd5 41. Re7 Kd4 42. Re5 Kd3 43. Rc5 Ke4 44. Rc6 Rf8 45. b6 Kf3 46.
Rc3+ Kg2 47. b7 Rb8 48. Rb3 1-0

[Event "SR Extraliga 2017/2018"]
[Site "?"]
[Date "2018.03.03"]
[Round "10.6"]
[White "Pacher, Milan"]
[Black "Repkova, Eva"]
[Result "1-0"]
[WhiteElo "2441"]
[BlackElo "2292"]
[PlyCount "65"]
[EventDate "2017.??.??"]

1. d4 e6 2. c4 Nf6 3. Nf3 b6 4. g3 Bb7 5. Bg2 d6 6. O-O Nbd7 7. Nc3 Ne4 8. Nxe4
Bxe4 9. d5 Bxf3 10. exf3 exd5 11. Bh3 Be7 12. Qa4 Rf8 13. Re1 h6 14. cxd5 f5
15. Bd2 Rf7 16. Re2 Kf8 17. Rae1 Ne5 18. Qb3 Qd7 19. f4 Ng4 20. Qc2 h5 21. Re6
Kg8 22. Bc3 Raf8 23. Bf1 Kh7 24. h3 Nh6 25. Qe2 Bf6 26. Qxh5 Qa4 27. Bd3 g6 28.
Bxf5 gxf5 29. Bxf6 Rxf6 30. Rxf6 Rxf6 31. Re7+ Kh8 32. Qg5 Qd1+ 33. Kh2 1-0

[Event "SR Extraliga 2017/2018"]
[Site "?"]
[Date "2018.03.03"]
[Round "10.7"]
[White "Frindt, Kornel"]
[Black "Petran, Peter"]
[Result "1-0"]
[WhiteElo "2224"]
[BlackElo "2308"]
[PlyCount "103"]
[EventDate "2017.??.??"]

1. e4 g6 2. d4 Bg7 3. Nc3 c6 4. Be3 b5 5. Qd2 d6 6. a4 b4 7. Nd1 a5 8. c3 bxc3
9. bxc3 Nd7 10. Bd3 Qc7 11. Ne2 e5 12. O-O Ngf6 13. f3 O-O 14. Bh6 Re8 15. Bxg7
Kxg7 16. Ne3 d5 17. Ng3 Kh8 18. Rfc1 Rb8 19. exd5 cxd5 20. Bb5 Bb7 21. c4 exd4
22. Qxd4 Qe5 23. Qxe5 Rxe5 24. Nxd5 Bxd5 25. cxd5 Rxd5 26. Rd1 Nb6 27. Rxd5
Nbxd5 28. Rc1 Kg7 29. Rc5 Rd8 30. Bf1 Ra8 31. Ne4 Nxe4 32. fxe4 Nf6 33. e5 Nd7
34. Rb5 h5 35. e6 Nf8 36. e7 Ne6 37. Rxa5 Re8 38. Ra7 Kf6 39. a5 Nc5 40. a6
Nxa6 41. Bxa6 Rxe7 42. Rxe7 Kxe7 43. Kf2 h4 44. Ke3 f5 45. Kd4 Kf6 46. Be2 Ke6
47. Bc4+ Kf6 48. Bd5 g5 49. Bf3 g4 50. Bd5 f4 51. Ke4 f3 52. g3 1-0

[Event "SR Extraliga 2017/2018"]
[Site "?"]
[Date "2018.03.03"]
[Round "10.8"]
[White "Briestensky, Rastislav"]
[Black "Najgebauer, Szemjon"]
[Result "1-0"]
[WhiteElo "2331"]
[BlackElo "2163"]
[PlyCount "73"]
[EventDate "2017.??.??"]

1. d4 Nf6 2. Nf3 g6 3. Nbd2 d5 4. e3 Bg7 5. Be2 O-O 6. O-O Nbd7 7. b3 c5 8. Bb2
b6 9. c4 Bb7 10. Qb1 cxd4 11. exd4 Re8 12. Re1 Rc8 13. a4 Nb8 14. Bd3 Nc6 15.
Bc3 a5 16. Qb2 e6 17. Rad1 Qc7 18. Rc1 Qb8 19. Ne5 Nxe5 20. dxe5 Nd7 21. cxd5
Bxd5 22. Bb5 Red8 23. Rcd1 Qb7 24. Bf1 Nc5 25. Bd4 Rd7 26. f3 Bh6 27. Bb5 Rdc7
28. Nc4 Bxc4 29. bxc4 Bf8 30. Be3 Qb8 31. Bg5 Be7 32. Bxe7 Rxe7 33. Rd6 Qc7 34.
Red1 Kg7 35. Qd4 Qb8 36. Qf4 Rec7 37. Qf6+ 1-0